[Event "DVM U12 2017"]
[Site "Magdeburg GER"]
[Date "2017.12.30"]
[Round "7"]
[White "Cilo, Selimhan"]
[Black "Tenbosch, Till Theo"]
[Result "0-1"]
[Termination "normal"]
[Board "7.3"]
[WhiteElo "1053"]
[BlackElo "1030"]
[WhiteClock "01:14:03"]
[BlackClock "00:57:36"]
[WhiteTeam "SF 1876 Göppingen"]
[BlackTeam "SK Münster"]
[PlyCount "116"]
[WhiteFideId "16246756"]
[BlackFideId "16255461"]
[EventCountry "GER"]
[EventRounds "7"]
[EventType "team-swiss"]
[EventDate "2017.12.26"]

1. e4 {[%clk 1:30:57]} d5 {[%clk 1:30:55]} 2. d3 {[%clk 1:30:53]} dxe4 {[%clk
1:29:50]} 3. dxe4 {[%clk 1:31:07]} Qxd1+ {[%clk 1:30:11]} 4. Kxd1 {[%clk
1:31:24]} Nf6 {[%clk 1:29:33]} 5. Nc3 {[%clk 1:31:35]} e5 {[%clk 1:29:53]} 6.
Bc4 {[%clk 1:31:38]} Bc5 {[%clk 1:29:12]} 7. Ke2 {[%clk 1:31:30]} Nc6 {[%clk
1:27:35]} 8. Nf3 {[%clk 1:31:32]} O-O {[%clk 1:27:34]} 9. Re1 Bg4 10. Bg5
{[%clk 1:30:34]} Bxf3+ {[%clk 1:27:51]} 11. gxf3 {[%clk 1:30:51]} Nd4+ 12. Kd3
{[%clk 1:30:10]} Nxf3 {[%clk 1:27:55]} 13. Bxf6 {[%clk 1:30:05]} Nxe1+ {[%clk
1:28:12]} 14. Rxe1 {[%clk 1:30:04]} gxf6 {[%clk 1:28:35]} 15. Rg1+ {[%clk
1:30:08]} Kh8 {[%clk 1:28:58]} 16. Ke2 {[%clk 1:30:01]} Rg8 {[%clk 1:29:02]}
17. Rd1 {[%clk 1:29:56]} c6 {[%clk 1:28:53]} 18. Bxf7 {[%clk 1:30:05]} Rgd8
{[%clk 1:28:57]} 19. Rg1 {[%clk 1:29:58]} Rd7 {[%clk 1:27:43]} 20. Be6 {[%clk
1:29:30]} Rd6 {[%clk 1:27:54]} 21. Bf5 {[%clk 1:29:29]} Rad8 {[%clk 1:27:54]}
22. Nb1 {[%clk 1:29:16]} Rg8 {[%clk 1:22:42]} 23. Rf1 {[%clk 1:29:04]} Rg2
{[%clk 1:22:53]} 24. h3 {[%clk 1:29:16]} b5 {[%clk 1:19:46]} 25. Bg4 {[%clk
1:28:55]} Bxf2 {[%clk 1:15:30]} 26. Rxf2 {[%clk 1:27:20]} Rxf2+ {[%clk
1:15:47]} 27. Kxf2 {[%clk 1:27:43]} Kg7 {[%clk 1:14:48]} 28. Ke3 {[%clk
1:27:34]} a5 {[%clk 1:10:29]} 29. Nd2 {[%clk 1:27:25]} c5 {[%clk 1:07:53]} 30.
Nf3 {[%clk 1:26:53]} Rd1 {[%clk 1:06:38]} 31. Nd2 {[%clk 1:26:13]} Ra1 {[%clk
1:06:07]} 32. Be6 {[%clk 1:26:18]} c4 {[%clk 1:03:56]} 33. a3 {[%clk 1:21:53]}
Ra2 {[%clk 1:03:36]} 34. b3 {[%clk 1:21:34]} cxb3 {[%clk 1:01:43]} 35. cxb3
{[%clk 1:21:24]} Rxa3 {[%clk 1:01:53]} 36. Nb1 {[%clk 1:20:34]} Ra1 {[%clk
1:01:50]} 37. Nc3 {[%clk 1:20:37]} b4 {[%clk 1:01:27]} 38. Na4 {[%clk 1:20:27]}
Kf8 {[%clk 1:01:24]} 39. Bf5 {[%clk 1:18:11]} h6 {[%clk 1:01:45]} 40. Kd3
{[%clk 1:17:31]} Rc1 {[%clk 1:00:28]} 41. Nb2 {[%clk 1:17:20]} Rc3+ {[%clk
1:00:28]} 42. Kd2 {[%clk 1:15:39]} Rxb3 {[%clk 1:00:34]} 43. Nc4 {[%clk
1:15:49]} a4 {[%clk 1:00:49]} 44. Be6 {[%clk 1:15:59]} Rg3 {[%clk 0:58:55]} 45.
Kc2 {[%clk 1:15:41]} Ke7 {[%clk 0:58:51]} 46. Bg4 {[%clk 1:15:39]} Rc3+ {[%clk
0:58:29]} 47. Kb2 {[%clk 1:15:14]} Rxc4 {[%clk 0:58:49]} 48. Bf5 {[%clk
1:15:22]} Rc7 {[%clk 0:57:44]} 49. Bg4 {[%clk 1:15:12]} Rb7 {[%clk 0:57:27]}
50. Bd1 {[%clk 1:15:14]} Ke6 {[%clk 0:56:24]} 51. Bxa4 {[%clk 1:15:21]} f5
{[%clk 0:56:46]} 52. Kc2 {[%clk 1:14:13]} f4 {[%clk 0:57:10]} 53. Bb3+ {[%clk
1:14:24]} Kd6 {[%clk 0:56:59]} 54. Kd3 {[%clk 1:14:19]} f3 {[%clk 0:57:08]} 55.
Ke3 {[%clk 1:14:36]} Rc7 {[%clk 0:57:29]} 56. Bd1 {[%clk 1:14:31]} b3 {[%clk
0:57:21]} 57. Kd2 {[%clk 1:13:57]} b2 {[%clk 0:57:20]} 58. Bc2 {[%clk 1:14:03]}
Rxc2+ {[%clk 0:57:36]} 0-1

[Event "DVM U12 2017"]
[Site "Magdeburg GER"]
[Date "2017.12.30"]
[Round "7"]
[White "Weidemann, Jakob"]
[Black "Schedel, Loris"]
[Result "1-0"]
[Termination "normal"]
[Board "7.4"]
[WhiteElo "963"]
[BlackElo "1040"]
[WhiteClock "00:50:20"]
[BlackClock "00:25:25"]
[WhiteTeam "SK Münster"]
[BlackTeam "SF 1876 Göppingen"]
[PlyCount "101"]
[WhiteFideId "16255470"]
[BlackFideId "16255542"]
[EventCountry "GER"]
[EventRounds "7"]
[EventType "team-swiss"]
[EventDate "2017.12.26"]

1. e4 {[%clk 1:30:58]} c5 {[%clk 1:30:56]} 2. Nf3 {[%clk 1:31:19]} a6 {[%clk
1:31:19]} 3. c3 {[%clk 1:31:29]} e6 {[%clk 1:31:01]} 4. d4 {[%clk 1:31:40]} Nc6
{[%clk 1:31:19]} 5. a4 {[%clk 1:31:40]} d5 {[%clk 1:31:21]} 6. e5 {[%clk
1:30:14]} c4 {[%clk 1:30:32]} 7. Be2 {[%clk 1:28:46]} h6 {[%clk 1:29:18]} 8. h4
{[%clk 1:26:56]} Nge7 {[%clk 1:29:27]} 9. Nbd2 {[%clk 1:25:12]} Bd7 {[%clk
1:26:43]} 10. Nf1 {[%clk 1:24:12]} Qc7 {[%clk 1:13:33]} 11. g3 {[%clk 1:20:24]}
f6 {[%clk 1:10:08]} 12. Bf4 {[%clk 1:19:32]} Ng6 {[%clk 1:06:17]} 13. exf6
{[%clk 1:16:00]} Nxf4 {[%clk 1:06:39]} 14. gxf4 {[%clk 1:15:34]} gxf6 {[%clk
1:07:00]} 15. Qd2 {[%clk 1:15:23]} e5 {[%clk 1:05:25]} 16. fxe5 {[%clk
1:13:39]} fxe5 {[%clk 1:05:46]} 17. Qe3 {[%clk 1:13:08]} Bd6 {[%clk 1:05:24]}
18. Rd1 {[%clk 1:09:37]} e4 {[%clk 1:03:53]} 19. N3d2 {[%clk 1:08:31]} Bf4
{[%clk 1:02:20]} 20. Bh5+ {[%clk 1:05:59]} Kd8 {[%clk 1:02:41]} 21. Qe2 {[%clk
1:06:14]} Na5 {[%clk 0:59:14]} 22. f3 {[%clk 1:05:38]} e3 {[%clk 0:56:31]} 23.
Nxe3 {[%clk 1:03:23]} Bg3+ {[%clk 0:54:12]} 24. Kf1 {[%clk 1:02:56]} Qc8 {[%clk
0:52:58]} 25. Bg4 {[%clk 1:02:28]} Bxg4 {[%clk 0:51:42]} 26. Nxg4 {[%clk
1:02:26]} h5 {[%clk 0:52:00]} 27. Nf6 {[%clk 1:02:23]} Qf5 {[%clk 0:49:13]} 28.
Rg1 {[%clk 1:01:35]} Qxf6 {[%clk 0:46:50]} 29. Rxg3 {[%clk 1:01:38]} Qxh4
{[%clk 0:46:16]} 30. Qf2 {[%clk 1:01:20]} Qh1+ {[%clk 0:40:16]} 31. Rg1 {[%clk
1:01:31]} Qh3+ {[%clk 0:40:39]} 32. Qg2 {[%clk 1:01:36]} Qxg2+ {[%clk 0:41:03]}
33. Rxg2 {[%clk 1:01:56]} h4 {[%clk 0:41:26]} 34. Kf2 Kc7 35. Rdg1 {[%clk
0:58:38]} h3 {[%clk 0:41:08]} 36. Rh2 {[%clk 0:55:11]} Rh7 {[%clk 0:36:09]} 37.
Rg3 {[%clk 0:53:41]} Rah8 {[%clk 0:36:27]} 38. Nf1 {[%clk 0:53:49]} Nb3 {[%clk
0:36:39]} 39. Ne3 {[%clk 0:53:54]} Nc1 {[%clk 0:36:22]} 40. Nxd5+ {[%clk
0:53:49]} Kd6 {[%clk 0:36:39]} 41. Nf4 {[%clk 0:52:52]} Nd3+ {[%clk 0:29:13]}
42. Nxd3 {[%clk 0:52:53]} cxd3 {[%clk 0:29:17]} 43. Ke3 {[%clk 0:53:07]} Re8+
{[%clk 0:25:53]} 44. Kxd3 {[%clk 0:51:24]} Rhe7 {[%clk 0:26:16]} 45. f4 {[%clk
0:51:20]} Rf7 {[%clk 0:26:38]} 46. Rhxh3 {[%clk 0:51:24]} Rxf4 {[%clk 0:26:50]}
47. Rg6+ {[%clk 0:51:37]} Kc7 {[%clk 0:25:57]} 48. b4 {[%clk 0:50:16]} b5
{[%clk 0:24:47]} 49. Rxa6 {[%clk 0:50:07]} Rf1 {[%clk 0:25:05]} 50. Rh7+ {[%clk
0:50:20]} Kd8 {[%clk 0:25:25]} 51. Ra8# 1-0

[Event "DVM U12 2017"]
[Site "Magdeburg GER"]
[Date "2017.12.30"]
[Round "7"]
[White "Pikalow, Michael"]
[Black "Strehse, Nelson"]
[Result "1-0"]
[Termination "normal"]
[Board "8.1"]
[WhiteElo "1504"]
[BlackElo "1172"]
[WhiteClock "00:27:57"]
[BlackClock "00:19:18"]
[WhiteTeam "USC Magdeburg"]
[BlackTeam "Klub Kölner SF"]
[PlyCount "57"]
[WhiteFideId "16227638"]
[BlackFideId "16228898"]
[EventCountry "GER"]
[EventRounds "7"]
[EventType "team-swiss"]
[EventDate "2017.12.26"]

1. e4 {[%clk 1:30:59]} e5 {[%clk 1:30:33]} 2. Nf3 {[%clk 1:31:23]} Nc6 {[%clk
1:30:51]} 3. Bb5 {[%clk 1:31:47]} d6 {[%clk 1:30:51]} 4. d4 {[%clk 1:31:52]}
exd4 {[%clk 1:31:12]} 5. Nxd4 {[%clk 1:32:10]} Bd7 {[%clk 1:31:32]} 6. Be3
{[%clk 1:29:37]} g6 {[%clk 1:31:27]} 7. c3 {[%clk 1:28:03]} Bg7 {[%clk
1:31:09]} 8. O-O {[%clk 1:26:49]} Nf6 {[%clk 1:31:10]} 9. Nd2 {[%clk 1:27:00]}
O-O {[%clk 1:31:06]} 10. Bd3 {[%clk 1:21:20]} Ne5 {[%clk 1:30:16]} 11. Bc2
{[%clk 1:20:19]} Re8 {[%clk 1:28:55]} 12. h3 {[%clk 1:20:30]} Bc6 {[%clk
1:02:16]} 13. f4 {[%clk 1:20:07]} Ned7 {[%clk 1:02:03]} 14. Nxc6 {[%clk
1:20:29]} bxc6 {[%clk 1:02:13]} 15. Qf3 {[%clk 1:20:13]} Qe7 {[%clk 0:52:01]}
16. Rae1 {[%clk 1:20:12]} Rab8 {[%clk 0:49:44]} 17. Bf2 {[%clk 1:16:49]} Nb6
{[%clk 0:42:55]} 18. Bh4 {[%clk 1:13:28]} Qd7 {[%clk 0:41:53]} 19. f5 {[%clk
1:03:21]} Rf8 {[%clk 0:33:58]} 20. Bb3 {[%clk 0:58:08]} Kh8 {[%clk 0:31:42]}
21. g4 {[%clk 0:38:11]} h6 {[%clk 0:29:40]} 22. g5 {[%clk 0:27:58]} hxg5 {[%clk
0:27:49]} 23. Bxg5 {[%clk 0:28:17]} Nh7 {[%clk 0:27:26]} 24. Qg3 {[%clk
0:26:42]} Nxg5 {[%clk 0:19:16]} 25. Qxg5 {[%clk 0:27:04]} Qd8 {[%clk 0:19:01]}
26. f6 {[%clk 0:27:24]} Kg8 {[%clk 0:19:22]} 27. Qxg6 {[%clk 0:27:48]} Qxf6
{[%clk 0:19:12]} 28. Rxf6 {[%clk 0:28:12]} d5 {[%clk 0:19:18]} 29. Qg4 {[%clk
0:27:57]} 1-0

[Event "DVM U12 2017"]
[Site "Magdeburg GER"]
[Date "2017.12.30"]
[Round "7"]
[White "Thürbach, Peter"]
[Black "Hoffmann, Siegfried"]
[Result "0-1"]
[Termination "normal"]
[Board "8.2"]
[WhiteElo "1151"]
[BlackElo "1552"]
[WhiteClock "00:13:10"]
[BlackClock "01:08:27"]
[WhiteTeam "Klub Kölner SF"]
[BlackTeam "USC Magdeburg"]
[PlyCount "78"]
[WhiteFideId "16249097"]
[BlackFideId "16252268"]
[EventCountry "GER"]
[EventRounds "7"]
[EventType "team-swiss"]
[EventDate "2017.12.26"]

1. e4 {[%clk 1:30:59]} e5 {[%clk 1:30:44]} 2. Nf3 {[%clk 1:31:21]} Nc6 {[%clk
1:30:30]} 3. Bc4 {[%clk 1:31:46]} d6 {[%clk 1:30:20]} 4. d3 {[%clk 1:31:00]}
Na5 {[%clk 1:28:52]} 5. Bb3 {[%clk 1:30:30]} Nxb3 {[%clk 1:28:49]} 6. axb3
{[%clk 1:30:52]} g6 {[%clk 1:28:47]} 7. c3 {[%clk 1:29:53]} Bg7 {[%clk
1:28:36]} 8. O-O {[%clk 1:28:51]} Ne7 {[%clk 1:28:41]} 9. Bg5 {[%clk 1:22:37]}
O-O {[%clk 1:28:19]} 10. Re1 {[%clk 1:20:17]} f5 {[%clk 1:27:38]} 11. c4 {[%clk
1:13:54]} fxe4 {[%clk 1:27:00]} 12. dxe4 {[%clk 1:14:04]} h6 {[%clk 1:24:43]}
13. Be3 {[%clk 1:11:04]} c6 {[%clk 1:23:30]} 14. Qc1 {[%clk 1:02:37]} Kh7
{[%clk 1:23:15]} 15. Rd1 {[%clk 1:02:37]} Bg4 {[%clk 1:21:28]} 16. Nbd2 {[%clk
1:01:38]} d5 {[%clk 1:18:30]} 17. h3 {[%clk 0:58:49]} Bxf3 {[%clk 1:16:16]} 18.
Nxf3 {[%clk 0:58:41]} d4 {[%clk 1:16:01]} 19. Rd3 {[%clk 0:54:32]} Qb6 {[%clk
1:14:59]} 20. Bd2 {[%clk 0:51:31]} c5 {[%clk 1:14:29]} 21. Ba5 {[%clk 0:48:01]}
Qc6 {[%clk 1:14:14]} 22. Bd2 {[%clk 0:45:59]} Qxe4 {[%clk 1:11:18]} 23. Ne1
{[%clk 0:38:49]} Qe2 {[%clk 1:10:03]} 24. f4 {[%clk 0:30:22]} e4 25. Rg3 {[%clk
0:27:47]} Nf5 {[%clk 1:06:54]} 26. Rg4 {[%clk 0:24:10]} h5 {[%clk 1:06:35]} 27.
Rg5 {[%clk 0:23:55]} Bf6 {[%clk 1:06:43]} 28. Nc2 {[%clk 0:16:12]} e3 {[%clk
1:06:25]} 29. Be1 {[%clk 0:14:10]} d3 {[%clk 1:06:40]} 30. Nxe3 {[%clk
0:13:55]} Bxg5 {[%clk 1:06:30]} 31. Nxf5 {[%clk 0:12:29]} Rxf5 {[%clk 1:06:45]}
32. fxg5 {[%clk 0:12:53]} Rf1+ {[%clk 1:07:05]} 33. Kh2 {[%clk 0:13:22]} d2
{[%clk 1:07:23]} 34. Bxd2 {[%clk 0:12:43]} Rxc1 {[%clk 1:07:41]} 35. Bxc1
{[%clk 0:13:09]} Qd1 {[%clk 1:07:26]} 36. Kg3 {[%clk 0:13:09]} Rf8 {[%clk
1:07:34]} 37. Rxa7 {[%clk 0:12:49]} Qxc1 {[%clk 1:07:47]} 38. Rxb7+ {[%clk
0:13:12]} Kg8 {[%clk 1:08:07]} 39. Rb6 {[%clk 0:13:10]} Qf4# {[%clk 1:08:27]}
0-1

[Event "DVM U12 2017"]
[Site "Magdeburg GER"]
[Date "2017.12.30"]
[Round "7"]
[White "Herter, Arne"]
[Black "Maric, Anton"]
[Result "1-0"]
[Termination "normal"]
[Board "8.3"]
[WhiteElo "1342"]
[BlackElo "1314"]
[WhiteClock "00:29:26"]
[BlackClock "00:07:07"]
[WhiteTeam "USC Magdeburg"]
[BlackTeam "Klub Kölner SF"]
[PlyCount "107"]
[WhiteFideId "16255372"]
[BlackFideId "16211375"]
[EventCountry "GER"]
[EventRounds "7"]
[EventType "team-swiss"]
[EventDate "2017.12.26"]

1. e4 {[%clk 1:30:57]} e6 {[%clk 1:30:55]} 2. Qe2 {[%clk 1:31:22]} Be7 {[%clk
1:27:43]} 3. d4 {[%clk 1:27:51]} d5 {[%clk 1:24:51]} 4. exd5 {[%clk 1:27:56]}
exd5 {[%clk 1:24:58]} 5. Bg5 {[%clk 1:27:42]} Nc6 {[%clk 1:21:55]} 6. Nf3
{[%clk 1:27:17]} Bg4 {[%clk 1:18:05]} 7. c3 {[%clk 1:24:25]} f6 {[%clk
1:15:47]} 8. Bf4 {[%clk 1:21:49]} Qd7 {[%clk 1:05:39]} 9. h3 {[%clk 1:19:38]}
Bf5 {[%clk 1:03:34]} 10. Nbd2 {[%clk 1:18:47]} O-O-O {[%clk 0:55:20]} 11. g4
{[%clk 1:04:45]} Bg6 {[%clk 0:53:37]} 12. Bg2 {[%clk 1:03:08]} Re8 {[%clk
0:50:40]} 13. Be3 {[%clk 1:01:25]} Bd6 {[%clk 0:48:09]} 14. O-O {[%clk
0:59:11]} f5 {[%clk 0:46:22]} 15. gxf5 {[%clk 0:55:17]} Bxf5 {[%clk 0:44:47]}
16. h4 {[%clk 0:54:36]} h6 {[%clk 0:40:00]} 17. Qd1 {[%clk 0:52:45]} Nf6 {[%clk
0:35:03]} 18. Re1 {[%clk 0:49:43]} g5 {[%clk 0:32:57]} 19. hxg5 {[%clk
0:48:21]} hxg5 {[%clk 0:31:23]} 20. Nxg5 {[%clk 0:47:47]} Reg8 {[%clk 0:25:34]}
21. f4 {[%clk 0:40:08]} Bg4 {[%clk 0:22:25]} 22. Ndf3 {[%clk 0:38:00]} Bh3
{[%clk 0:19:48]} 23. Qe2 {[%clk 0:34:22]} Qg4 {[%clk 0:13:56]} 24. Nh2 {[%clk
0:30:27]} Qf5 {[%clk 0:11:25]} 25. Rf1 {[%clk 0:22:53]} Qg6 {[%clk 0:07:38]}
26. Qf3 {[%clk 0:22:42]} Qh6 {[%clk 0:07:05]} 27. Nxh3 {[%clk 0:22:08]} Qxh3
{[%clk 0:06:47]} 28. Qxh3+ {[%clk 0:22:30]} Rxh3 {[%clk 0:07:03]} 29. Bd2
{[%clk 0:22:39]} Rhg3 {[%clk 0:07:10]} 30. Rf2 {[%clk 0:22:43]} Ne4 {[%clk
0:06:59]} 31. Nf1 {[%clk 0:21:24]} Nxf2 {[%clk 0:06:55]} 32. Nxg3 {[%clk
0:21:23]} Ng4 {[%clk 0:06:24]} 33. Bxd5 {[%clk 0:21:03]} Nf6 {[%clk 0:06:20]}
34. Bxg8 {[%clk 0:21:25]} Nxg8 {[%clk 0:06:36]} 35. Re1 {[%clk 0:21:20]} Nf6
{[%clk 0:06:27]} 36. Kg2 {[%clk 0:21:06]} Na5 {[%clk 0:05:34]} 37. b3 {[%clk
0:20:44]} Nc6 {[%clk 0:05:14]} 38. Kf3 {[%clk 0:19:32]} Kd7 {[%clk 0:04:25]}
39. Nf5 {[%clk 0:18:22]} Bf8 {[%clk 0:03:31]} 40. a4 {[%clk 0:17:30]} Na5
{[%clk 0:01:42]} 41. Ne3 {[%clk 0:16:45]} Nxb3 {[%clk 0:30:14]} 42. Ke2 {[%clk
0:46:29]} Ne4 {[%clk 0:28:12]} 43. Nc4 {[%clk 0:39:07]} Bh6 {[%clk 0:26:07]}
44. Kd3 {[%clk 0:37:03]} Nf6 {[%clk 0:21:07]} 45. Ne5+ {[%clk 0:35:39]} Kc8
{[%clk 0:19:47]} 46. Rh1 {[%clk 0:35:24]} Bg7 {[%clk 0:18:43]} 47. Rg1 {[%clk
0:32:23]} Bf8 {[%clk 0:17:15]} 48. Rg6 {[%clk 0:31:22]} Be7 {[%clk 0:14:21]}
49. f5 {[%clk 0:30:56]} c6 {[%clk 0:09:36]} 50. Bg5 {[%clk 0:31:07]} Nd5 {[%clk
0:08:52]} 51. Rg8+ {[%clk 0:30:22]} Kc7 {[%clk 0:08:19]} 52. Rg7 {[%clk
0:29:12]} Kd6 {[%clk 0:07:11]} 53. Bxe7+ {[%clk 0:29:11]} Nxe7 {[%clk 0:07:07]}
54. Nc4+ {[%clk 0:29:26]} 1-0

[Event "DVM U12 2017"]
[Site "Magdeburg GER"]
[Date "2017.12.30"]
[Round "7"]
[White "Theisen, Johannes"]
[Black "Hostmann, Henning"]
[Result "1-0"]
[Termination "normal"]
[Board "8.4"]
[WhiteElo "1177"]
[BlackElo "1079"]
[WhiteClock "00:51:39"]
[BlackClock "01:12:02"]
[WhiteTeam "Klub Kölner SF"]
[BlackTeam "USC Magdeburg"]
[PlyCount "49"]
[WhiteFideId "16255526"]
[BlackFideId "16255380"]
[EventCountry "GER"]
[EventRounds "7"]
[EventType "team-swiss"]
[EventDate "2017.12.26"]

1. e4 {[%clk 1:30:57]} e5 {[%clk 1:30:50]} 2. Nf3 {[%clk 1:31:14]} Nc6 {[%clk
1:31:04]} 3. Bc4 {[%clk 1:31:34]} Bc5 {[%clk 1:31:27]} 4. c3 {[%clk 1:31:36]}
Nf6 {[%clk 1:30:12]} 5. d4 {[%clk 1:31:54]} exd4 {[%clk 1:30:06]} 6. e5 {[%clk
1:32:08]} Qe7 {[%clk 1:30:11]} 7. cxd4 {[%clk 1:29:41]} Bb4+ {[%clk 1:29:04]}
8. Nbd2 {[%clk 1:29:06]} d5 9. O-O {[%clk 1:18:28]} Bxd2 {[%clk 1:25:47]} 10.
exf6 {[%clk 1:05:54]} Qxf6 11. Qxd2 {[%clk 0:53:26]} dxc4 {[%clk 1:25:34]} 12.
Re1+ {[%clk 0:52:49]} Ne7 {[%clk 1:25:38]} 13. Qb4 {[%clk 0:47:48]} Be6 {[%clk
1:24:13]} 14. Bg5 {[%clk 0:47:06]} Qxg5 {[%clk 1:16:16]} 15. Nxg5 {[%clk
0:47:24]} h6 {[%clk 1:15:26]} 16. Nxe6 {[%clk 0:47:53]} fxe6 {[%clk 1:15:34]}
17. Rxe6 {[%clk 0:48:21]} O-O {[%clk 1:14:42]} 18. Rxe7 {[%clk 0:48:48]} Rf7
{[%clk 1:14:31]} 19. Qxc4 {[%clk 0:49:13]} Raf8 {[%clk 1:14:32]} 20. Rxf7
{[%clk 0:49:23]} Rxf7 {[%clk 1:12:14]} 21. Re1 {[%clk 0:49:50]} b5 {[%clk
1:11:47]} 22. Re8+ {[%clk 0:50:19]} Kh7 {[%clk 1:11:58]} 23. Qxf7 {[%clk
0:50:43]} h5 {[%clk 1:11:55]} 24. Rg8 {[%clk 0:51:13]} h4 {[%clk 1:12:02]} 25.
Qxg7# {[%clk 0:51:39]} 1/2-1/2

[Event "DVM U12 2017"]
[Site "Magdeburg GER"]
[Date "2017.12.30"]
[Round "7"]
[White "Deutsch, Christoph"]
[Black "Quinque, Pepe"]
[Result "1-0"]
[Termination "normal"]
[Board "9.1"]
[WhiteElo "1832"]
[BlackElo "992"]
[WhiteClock "01:15:03"]
[BlackClock "00:51:57"]
[WhiteTeam "SK Gründau"]
[BlackTeam "VfL Gräfenhainichen"]
[PlyCount "55"]
[WhiteFideId "16206878"]
[BlackFideId "16255550"]
[EventCountry "GER"]
[EventRounds "7"]
[EventType "team-swiss"]
[EventDate "2017.12.26"]

1. e4 {[%clk 1:30:57]} c5 {[%clk 1:30:50]} 2. Nf3 {[%clk 1:31:22]} a6 {[%clk
1:31:01]} 3. d4 {[%clk 1:31:46]} cxd4 {[%clk 1:31:22]} 4. Nxd4 {[%clk 1:32:09]}
Nf6 {[%clk 1:31:39]} 5. Nc3 {[%clk 1:32:29]} e5 {[%clk 1:31:59]} 6. Nb3 {[%clk
1:31:46]} Bb4 {[%clk 1:31:51]} 7. Bd3 {[%clk 1:31:11]} Bxc3+ {[%clk 1:29:32]}
8. bxc3 {[%clk 1:31:26]} d5 {[%clk 1:29:43]} 9. exd5 {[%clk 1:30:40]} Qxd5
{[%clk 1:25:44]} 10. O-O {[%clk 1:29:45]} e4 {[%clk 1:22:32]} 11. Re1 {[%clk
1:28:06]} O-O {[%clk 1:22:09]} 12. Bf1 {[%clk 1:25:19]} Qxd1 {[%clk 1:22:06]}
13. Rxd1 {[%clk 1:25:31]} Bg4 {[%clk 1:22:13]} 14. Re1 {[%clk 1:25:32]} Nc6
{[%clk 1:21:24]} 15. Nc5 {[%clk 1:24:08]} Rad8 {[%clk 1:19:50]} 16. Nxb7 {[%clk
1:22:48]} Rd5 {[%clk 1:19:08]} 17. Ba3 {[%clk 1:20:21]} Rb8 {[%clk 1:13:53]}
18. Nc5 {[%clk 1:20:05]} Re8 {[%clk 1:01:43]} 19. Nxa6 {[%clk 1:18:42]} Rd2
{[%clk 1:00:15]} 20. Rac1 {[%clk 1:14:51]} Nd5 {[%clk 0:57:52]} 21. Nb4 {[%clk
1:13:46]} Ncxb4 {[%clk 0:55:16]} 22. Bxb4 {[%clk 1:13:57]} e3 {[%clk 0:55:31]}
23. fxe3 {[%clk 1:13:35]} Rxe3 {[%clk 0:54:43]} 24. Rxe3 {[%clk 1:13:46]} Nxe3
{[%clk 0:54:38]} 25. Re1 {[%clk 1:13:55]} h6 {[%clk 0:51:34]} 26. Rxe3 {[%clk
1:14:11]} Rxc2 {[%clk 0:51:38]} 27. Re8+ {[%clk 1:14:35]} Kh7 {[%clk 0:51:57]}
28. Bd3+ {[%clk 1:15:03]} 1-0

[Event "DVM U12 2017"]
[Site "Magdeburg GER"]
[Date "2017.12.30"]
[Round "7"]
[White "Nguyen, Alex Tommi"]
[Black "Deutsch, Volker"]
[Result "0-1"]
[Termination "normal"]
[Board "9.2"]
[WhiteElo "981"]
[BlackElo "1518"]
[WhiteClock "00:19:53"]
[BlackClock "00:50:56"]
[WhiteTeam "VfL Gräfenhainichen"]
[BlackTeam "SK Gründau"]
[PlyCount "48"]
[WhiteFideId "16255569"]
[BlackFideId "16206886"]
[EventCountry "GER"]
[EventRounds "7"]
[EventType "team-swiss"]
[EventDate "2017.12.26"]

1. e4 {[%clk 1:30:59]} e5 {[%clk 1:30:54]} 2. Nf3 {[%clk 1:31:22]} Nc6 {[%clk
1:31:19]} 3. Bc4 {[%clk 1:31:31]} Bc5 {[%clk 1:31:41]} 4. Nc3 {[%clk 1:31:37]}
Nf6 {[%clk 1:31:47]} 5. O-O d6 6. d3 {[%clk 1:30:55]} h6 {[%clk 1:31:31]} 7. h3
{[%clk 1:30:23]} Be6 {[%clk 1:31:45]} 8. Bb3 {[%clk 1:28:51]} O-O {[%clk
1:31:55]} 9. Be3 {[%clk 1:27:43]} Bb6 {[%clk 1:32:15]} 10. Qd2 {[%clk 1:17:42]}
Qd7 {[%clk 1:29:55]} 11. Rad1 {[%clk 1:15:38]} Rfe8 {[%clk 1:28:28]} 12. d4
{[%clk 1:14:21]} exd4 {[%clk 1:27:41]} 13. Nxd4 {[%clk 1:14:23]} Bxb3 {[%clk
1:27:06]} 14. axb3 {[%clk 1:14:02]} Nxe4 {[%clk 1:26:18]} 15. Nxe4 {[%clk
1:12:04]} Rxe4 {[%clk 1:24:50]} 16. c3 {[%clk 1:10:04]} Nxd4 {[%clk 1:19:14]}
17. cxd4 {[%clk 1:09:51]} Rae8 {[%clk 1:14:21]} 18. Rfe1 {[%clk 1:08:40]} Qe7
{[%clk 1:03:51]} 19. Kf1 {[%clk 0:51:43]} f5 {[%clk 0:52:18]} 20. f3 {[%clk
0:45:21]} Rxe3 {[%clk 0:51:51]} 21. Rxe3 {[%clk 0:44:56]} Qxe3 {[%clk 0:52:04]}
22. Qc2 {[%clk 0:40:52]} d5 {[%clk 0:50:42]} 23. Qb1 {[%clk 0:21:04]} Bxd4
{[%clk 0:50:32]} 24. Qc2 {[%clk 0:19:53]} Qg1# {[%clk 0:50:56]} 0-1

[Event "DVM U12 2017"]
[Site "Magdeburg GER"]
[Date "2017.12.30"]
[Round "7"]
[White "Mischke, Richard"]
[Black "Bayer, Oliver"]
[Result "0-1"]
[Termination "normal"]
[Board "9.4"]
[WhiteElo "926"]
[BlackElo "1497"]
[WhiteClock "01:02:47"]
[BlackClock "00:34:20"]
[WhiteTeam "VfL Gräfenhainichen"]
[BlackTeam "SK Gründau"]
[PlyCount "68"]
[WhiteFideId "16255585"]
[BlackFideId "16243978"]
[EventCountry "GER"]
[EventRounds "7"]
[EventType "team-swiss"]
[EventDate "2017.12.26"]

1. d4 d5 2. Nf3 Nf6 3. g3 Nc6 4. Bg2 Bf5 5. O-O Qd7 6. Bg5 {[%clk 1:31:19]} Ne4
{[%clk 1:17:47]} 7. Bf4 {[%clk 1:29:29]} h6 {[%clk 1:08:36]} 8. c3 {[%clk
1:25:04]} g5 {[%clk 1:08:19]} 9. Bd2 {[%clk 1:24:11]} Be6 {[%clk 0:52:07]} 10.
Qc2 {[%clk 1:21:52]} f5 {[%clk 0:51:50]} 11. e3 {[%clk 1:20:54]} Bg7 {[%clk
0:50:13]} 12. Bc1 {[%clk 1:17:17]} Bf6 {[%clk 0:48:59]} 13. Nbd2 {[%clk
1:16:48]} Nd6 {[%clk 0:47:39]} 14. Nb3 {[%clk 1:14:09]} b6 {[%clk 0:47:32]} 15.
Re1 {[%clk 1:09:26]} h5 {[%clk 0:46:05]} 16. Nfd2 {[%clk 1:07:00]} O-O-O {[%clk
0:43:25]} 17. a4 {[%clk 1:06:51]} Rdg8 {[%clk 0:43:18]} 18. f4 {[%clk 1:06:13]}
h4 {[%clk 0:40:59]} 19. fxg5 {[%clk 1:06:22]} Rxg5 {[%clk 0:40:56]} 20. Nf3
{[%clk 1:06:36]} Rg7 {[%clk 0:40:27]} 21. a5 {[%clk 1:05:33]} hxg3 {[%clk
0:40:35]} 22. hxg3 {[%clk 1:05:55]} Rxg3 {[%clk 0:40:22]} 23. Kf2 {[%clk
1:05:58]} Rhg8 {[%clk 0:39:55]} 24. Rg1 {[%clk 1:06:08]} Ne4+ {[%clk 0:39:57]}
25. Kf1 {[%clk 1:06:10]} Ng5 {[%clk 0:37:40]} 26. Nxg5 {[%clk 1:04:39]} Bxg5
{[%clk 0:36:07]} 27. axb6 {[%clk 1:04:00]} cxb6 {[%clk 0:35:58]} 28. c4 {[%clk
1:02:06]} dxc4 {[%clk 0:32:19]} 29. Bxc6 {[%clk 1:02:25]} Rxg1+ {[%clk
0:32:43]} 30. Kxg1 {[%clk 1:02:41]} Qxc6 {[%clk 0:32:58]} 31. Rxa7 {[%clk
1:02:32]} Bxe3+ {[%clk 0:33:17]} 32. Kf1 {[%clk 1:02:29]} Qh1+ {[%clk 0:33:34]}
33. Ke2 {[%clk 1:02:31]} Rg2+ {[%clk 0:33:58]} 34. Kf3 {[%clk 1:02:47]} Rxc2+
{[%clk 0:34:20]} 0-1